000 00535nam a22001817a 4500
010 _aENG-120655
020 _c650.00
_a9788171641611
035 _aEN-104187
037 _bDBAD/PUB
082 _a631.37
100 _aDevnani, R.S.
245 _aTheory and appliation of /
_cby P.S.Narayana
260 _aHyderabad
_bAsia Law House
_c2012
270 _aOpp.I.O.B. Bank Street, Kothi,
_bHyderabad
_e500001
300 _axxxii,440p.
_b24cm(pbk).
500 _aIncludes index
942 _2ddc
_cEN
_h345.5402323
_mNAR
999 _c144468
_d144468